书目信息 |
| 题名: |
分式和比例
|
|
| 作者: | 刘尼 著 | |
| 分册: | ||
| 出版信息: | 北京 中国青年出版社 1955 |
|
| 页数: | 83页 | |
| 开本: | 20cm | |
| 丛书名: | ||
| 单 册: | ||
| 中图分类: | O122.1 | |
| 科图分类: | ||
| 主题词: | 初等数学 | |
| 电子资源: | ||
| ISBN: | ||
| 000 | 00527nam0 2200205 450 | |
| 001 | 0639931984 | |
| 005 | 20060407113729.56 | |
| 010 | @dCNY0.28 | |
| 100 | @a20060407d1955 km y0chiy0120 ea | |
| 101 | 0 | @achi |
| 102 | @aCN@b110000 | |
| 200 | 1 | @a分式和比例@Afen shi he bi li@f刘尼著@Fliu ni zhu |
| 210 | @a北京@c中国青年出版社@d1955 | |
| 215 | 1 | @a83页@d20cm |
| 300 | @a初中自然科学补充读物 | |
| 606 | 0 | @a初等数学 |
| 690 | @aO122.1@v4 | |
| 701 | 0 | @a刘尼@Aliu ni@4著 |
| 801 | 0 | @aCN@bPFT@c20060407 |
| 905 | @a10447@dO122.1@e44 | |
| 分式和比例/刘尼著.-北京:中国青年出版社,1955 |
| 83页;20cm |
| 初中自然科学补充读物 |
| ISBN :CNY0.28 |
| ● |
| 相关链接 |
|
|
|
|
正题名:分式和比例
索取号:O122.1/44
 
预约/预借
| 序号 | 登录号 | 条形码 | 馆藏地/架位号 | 状态 | 备注 |
| 1 | 0006715 | 202230415 | 密集书库/ [索取号:O122.1/44] | 在馆 | |
| 2 | 0006717 | 202230451 | 密集书库/ [索取号:O122.1/44] | 在馆 | |
| 3 | 0007926 | 202230497 | 密集书库/ [索取号:O122.1/44] | 在馆 |